| 000 | 00347 a2200109 4500 | ||
|---|---|---|---|
| 001 | ART_56739 | ||
| 005 | 20260410161811.0 | ||
| 008 | 260409a | ||
| 245 | 1 | 0 | _aLa repristinación no está reservada a los dioses. |
| 100 | 1 | _aTruffat, Edgardo Daniel | |
| 773 | 0 |
_tDoctrina Societaria y Concursal _g- N° 417 (ago. 2022) _wREV4298 |
|
| 999 |
_c21507 _d21507 |
||